000 01153nam a22002057a 4500
999 _c59111
_d59111
003 Ge_BSU
005 20221125170232.0
008 221125s1979ge xxu||||| |||| 00| 0 geo d
041 _ageo
080 _a821.353.1-391 ო-52
100 _aორბელიანი, სულხან-საბა, 1658-1725,
_98171
245 _aსიბრძნე სიცრუისა; დავითიანი /
_cსულხან-საბა ორბელიანი, დავით გურამიშვილი ; [წინასიტყვ. ავტ.: ს. ცაიშვილი].
264 _aთბილისი :
_bსაბჭოთა საქართველო,
_c1979.
300 _a478 გვ. :
_b2 ფ. პორტრ. ;
_c21 სმ.
440 _aმსოფლიო ლიტერატურის ბიბლიოთეკა ; ტ. 28. სერია 1
_916125
653 _aსიბრძნე სიცრუისა
653 _aდავითიანი
700 _aცაიშვილი, ს.
_eწინასიტყვაობის ავტორი
_95572
942 _2udc
_cBK